• 首页
  • 本馆介绍
  • 公告通知
  • 最新文献
  • 馆藏检索
  • 电子资源
  • 读者导购
  • 参考咨询
  • 我的图书馆
  • 登录
  • 详细信息显示
  • 放入我的书架
  • 预约/预借图书
  • 作者相关作品
  • 分类相关作品
  • 丛书相关作品
  • 出版社相关作品

书目信息

  • 表格格式
  • 工作单格式
  • 卡片格式
题名:
运动生物化学
    
 
作者: 冯美云 主编 ;全国体育学院教材委员会审定
分册:  
出版信息: 北京   人民体育出版社  1990
页数: 313页
开本: 20cm
丛书名:
单 册:
中图分类: G804.7
科图分类:
主题词: 运动生物化学--高等学校--教材 , 运动生物化学
电子资源:
ISBN: 7-5009-0441-X
000 00816nam0 2200241 450
001 0199063570
005 20070714101542.03
010    @a7-5009-0441-X@dCNY3.50
100    @a20030305e1990 em y0chiy0110 ea
101 0  @achi@eeng
102    @aCN@b110000
105    @aak z 000yy
200 1  @a运动生物化学@9yun dong sheng wu hua xue@f全国体育学院教材委员会审定@Fquan guo ti yu xue yuan jiao cai wei yuan hui shen ding
210    @a北京@c人民体育出版社@d1990@h1993
215    @a313页@d20cm
300    @a体育学院通用教材
606 0  @a运动生物化学@x高等学校@j教材
606 0  @a运动生物化学
690    @aG804.7@v4
701  0 @a冯美云@9feng mei yun@4主编
711 02 @a全国体育学院教材委员会审定@Aquan guo ti yu xue yuan jiao cai wei yuan hui shen ding
801  0 @aCN@bNLC@c20070714
905    @a10447@dG804.7@e286
    
    运动生物化学/全国体育学院教材委员会审定.-北京:人民体育出版社,1990(1993)
    313页;20cm
    体育学院通用教材
    
    ISBN 7-5009-0441-X:CNY3.50
    
●
相关链接 在E读中查询图书 在五车中查询图书 在当当中查询图书 在豆瓣中查询图书


正题名:运动生物化学     索取号:G804.7/286         预约/预借

序号 登录号 条形码 馆藏地/架位号 状态 备注
1 0766021   207660217   第一样本阅览室/ [索取号:G804.7/286] 在馆    
唐山师范学院图书馆 欢迎您!
大连网信软件有限公司© 版权所有